|
|
|
|
| LEADER |
00000cam a2200000 i 4500 |
| 001 |
1/94071 |
| 008 |
080917s1969 gr | ||| |||| ||gre|| |
| 035 |
|
|
|l 10100239
|
| 040 |
|
|
|a GR-MyUa
|b gre
|e AACR2
|
| 041 |
0 |
|
|a gre
|
| 082 |
7 |
|
|a 938.5
|2 (23)
|
| 082 |
7 |
|
|a 938.505
|2 (22)
|
| 100 |
1 |
|
|a Ζούβας, Παναγής Δ.
|
| 245 |
1 |
2 |
|a Η οργάνωσις τακτικού στρατού κατά τα πρώτα έτη της επαναστάσεως του 1821 /
|c Παναγή Δ. Ζούβα.
|
| 260 |
|
|
|a Αθήναι :
|b [χ.ό.],
|c 1969.
|
| 300 |
|
|
|a 182 σ. :
|b εικ. ;
|c 25 εκ.
|
| 504 |
|
|
|a Βιβλιογραφία: σ. 165-170. Ευρετήριο.
|
| 651 |
|
0 |
|a Greece
|x History
|y War of Independence, 1821-1829.
|
| 852 |
|
|
|a INST
|b LESVOS
|e 20081105
|h 938.505 ΖΟΥ
|p 005100043406
|q 005100043406
|t BK
|y 0
|
| 852 |
|
|
|a INST
|b RHODES
|c AKA
|e 20080917
|h 938.505 ΖΟΥ
|p 005400028332
|q 005400028332
|t BK
|y 0
|
| 852 |
|
|
|a INST
|b SYROS
|e 20190926
|h 938.5 ΖΟΥ
|p 005500013834
|q 005500013834
|t BK
|y 0
|
| 901 |
|
|
|a BIBL4-2008-3
|
| 901 |
|
|
|a BIBL1-2008-3
|
| 970 |
|
|
|a Χαριοπολίτου
|b Κωνσταντίνα
|z 17/09/2008
|